000 00615nam a2200193Ia 4500
005 20260114185851.0
008 008 260114s9999 xx 000 0 eng d
020 _a9781838604608
037 _aEBOOK
040 _aCRL
_beng
_cCRL
041 _aeng
_2eng
084 _qCRL
100 _aJack Spence, Claire Yorke and Alastair Masser
_9875379
245 2 _aA New Theory and Practice of Diplomacy New Perspectives on Diplomacy
260 _bBloomsbury
_c2021
856 _uhttps://doi.org/10.5040/9781838604608?locatt=label:secondary_bloomsburyCollections
942 _cEBOOK
999 _c1474313
_d1474313